000 nam a22 a 4500
999 _c3130
_d3130
003 AKMAL
005 20170519121544.0
008 170519s2001 my 00 may d
020 _a9676111309 (kkt.) :
_cRM17.00
040 _aAKMAL
082 0 4 _a658.3 MOH
_222
090 0 0 _a658.3
_bMOH
245 0 0 _aAsas pengurusan sumber manusia :
_bpendekatan proses /
_cdiselenggarakan oleh Mohmad Yazam Sharif
260 _aKuala Lumpur :
_bUtusan Publications & Distributors,
_c2001
300 0 0 _aix, 196ms. :
_bil. ;
_c21cm.
650 0 _aPersonnel management
_9602
650 0 _aManpower planning
_96420
700 0 _aMohmad Yazam Sharif
_96474
942 _2ddc
_cBOOK